000 00437nam a2200181Ia 4500
001 16499
005 20260306170314.0
008 260306t2005||||xx |||||||||||||| ||und||
041 _aESP
082 _a348.6
_bO26
100 _aObregón Sevillano, Tulio
_eAUT
245 0 _aManual de los regímenes laborales
260 _c2005
300 _a495 páginas :
_c24 cm.
650 _aGEN
654 _aCDE
942 _cLIB
_dJUS
_fJUS
_2ddc
_n
999 _c16499
_d16499